Guía del ciudadano / autores Antonio Farjas Abadía (director), Clara Gómez Sánchez, Juan Carlos Tuderini Martin
Descripción Física:
688 p. ; 24 cm
Materias:
Administració pública -- Guies
MARC
| LEADER | 00000nam a2200000Ia 4500 | ||
|---|---|---|---|
| 001 | 11798 | ||
| 008 | 160829s1984 xx 000 0 cat d | ||
| 080 | |a M-1-265 | ||
| 100 | |a Farjas Abadía, Antonio |9 35094 | ||
| 245 | |a Guía del ciudadano / autores Antonio Farjas Abadía (director), Clara Gómez Sánchez, Juan Carlos Tuderini Martin | ||
| 260 | |a Madrid : |b Ministerio de la Presidencia, |c 1984 | ||
| 300 | |a 688 p. ; |c 24 cm | ||
| 650 | |a Administració pública |x Guies |9 35095 | ||
| 700 | |a Gómez Sánchez, Clara |9 35096 | ||
| 700 | |a Tuderini Martín, Juan Carlos |9 35097 | ||
| 901 | |a Arxiu | ||
| 942 | |n 1 | ||
| 952 | |0 0 |1 0 |4 0 |6 M1265 |7 1 |9 46762 |a Arxiu |b Arxiu |d 2016-12-01 |l 0 |o M-1-265 |p 11798 |r 2016-12-01 00:00:00 |w 2016-12-01 |y ARXIU | ||
| 999 | |c 50555 |d 50555 | ||